| 000 | 00435nam a2200181Ia 4500 | ||
|---|---|---|---|
| 003 | IT-RoPAU | ||
| 008 | 120407s9999 xx 000 0 und d | ||
| 040 | _aIT-RoPAU | ||
| 040 | _cIT-RoPAU | ||
| 100 | _aGianfranco Ravasi | ||
| 245 | _aIl canto della rana. Musica e teologia nella Bibbia | ||
| 250 | _aCasale Monferrato (AL) | ||
| 260 | _aPiemme | ||
| 300 | _c cm | ||
| 490 | _v1 | ||
| 700 | _aDavide Maria Turoldo | ||
| 942 | _cBK | ||
| 999 |
_c9700 _d9700 |
||